Proizvodstvennyje metody razrabotki programm

Guardado en:
Detalles Bibliográficos
Autor principal: Volchover, Vladimir Geršovič
Otros Autores: Ivanov, Leonid Vasil'jevič
Formato: Libro
Lenguaje:ruso
Publicado: Moskva Finansy i statistika 1983
Etiquetas: Agregar Etiqueta
Sin Etiquetas, Sea el primero en etiquetar este registro!

MARC

LEADER 00000nam a2200000 4500
001 c133607
005 20041019155258.7
041 0 |a rus 
044 |a RU 
245 1 0 |a Proizvodstvennyje metody razrabotki programm  |c Vladimir Geršovič Volchover, Leonid Vasil'jevič Ivanov 
264 1 |a Moskva  |b Finansy i statistika  |c 1983 
300 |a 205 s. 
100 1 |a Volchover, Vladimir Geršovič 
700 1 |a Ivanov, Leonid Vasil'jevič